000 00611cab a2200205 4500
001 ABS40947
008 090401t1989 xxu||||| |||| 00| 0 eng d
035 _a(Sirsi) u27117
041 _aeng
100 _aDyer, M.
245 _aNord Pas de Calais - France without tears?
260 _c1989
350 _a0
490 _aProperty Director
_vSummer 1989, 26-31(4)(
520 _aExamination of the Nord Pas de Calais region of France with a view to its choice as a place for relocation for British companies.
650 _aEUROPE
690 _aECONOMIC AND SOCIAL
942 _n0
948 _c04/03/1997
999 _c18261
_d18261